Statistics for Don Toliver songs

Click here to take the quiz!

General Stats

  • This quiz has been taken 24 times
  • The average score is 25 of 61

Answer Stats

HintAnswer% Correct
Heaven Or HellAfter Party
95%
Heaven Or HellCardigan
79%
Heaven Or HellNo Idea
79%
Heaven Or HellCompany
74%
Heaven Or HellHeaven or Hell
74%
Love SickEmbarrassed
68%
Life of a DONYou
68%
Life of a DONCompany, Pt. 2
63%
Love SickCompany Pt. 3
63%
Life of a DONFlocky Flocky
63%
Love SickNo Pole
63%
Love SickPrivate Landing
63%
Love Sick4 Me
58%
Heaven Or HellCan't Feel My Legs
58%
Heaven Or HellNo Photos
58%
Love SickBus Stop
53%
Heaven Or HellCandy
53%
Heaven Or HellEuphoria
53%
Life of a DONWay Bigger
53%
Life of a DON5X
47%
Life of a DONDrugs N Hella Melodies
47%
Love SickLoveSickness
47%
Life of a DONSmoke
47%
Heaven Or HellHad Enough
42%
Love SickHoneymoon
42%
Love SickLeather Coat
42%
Love SickLeave The Club
42%
Love SickLet Her Go
42%
Life of a DONOUTERSPACE
42%
Heaven Or HellSpaceship
42%
Heaven Or HellWasted
42%
Life of a DONWhat You Need
42%
Love SickCinderella
37%
Life of a DONCrossfaded
37%
Love SickGeronimo
37%
Love SickIf I Had
37%
Love SickSlow Motion
37%
Love SickTime Heals All
37%
Life of a DONXSCAPE
37%
Life of a DON2AM
32%
Donny WomackDiva
32%
Life of a DONDouble Standards
32%
Love SickLuckily I'm Having
32%
Life of a DONSwangin' on Westheimer
32%
Life of a DONBOGUS
26%
Love SickEncouragement
26%
Life of a DONGet Throwed
26%
Love SickGo Down
26%
Donny WomackAMG
21%
Love SickDo It Right
21%
Donny WomackMamma Mia
21%
Donny WomackBackend
16%
Donny Womack2 Lil Shorty
11%
Donny WomackBang Bang
11%
Donny WomackDiamonds
11%
Donny WomackIssues
11%
Donny WomackVideo Girl
11%
Donny WomackAround
5%
Donny WomackHoldin' Steel
5%
Donny WomackRun Up
5%
Donny WomackTalk No More
5%

Score Distribution

Percentile by Number Answered

Percent of People with Each Score

Your Score History

You have not taken this quiz